Videospielcharaktere mit M - Statistiken

Allgemein
  • Dieses Quiz wurde 229 mal gespielt
  • Das Durchschnittsergebnis liegt bei 6 aus 16
Antwortstatistiken
Bildquiz Antwort % Korrekt
Mario
100%
Mauzi
86%
Mega Man
74%
Magmar
59%
Melinda
52%
Master Chief
51%
Miss Fortune
46%
Morgana
42%
Mercy
39%
Max Payne
19%
Midna
18%
M. Bison
10%
Moogle
8%
Maxine Caulfield
7%
Mokujin
5%
Mumbo Jumbo
5%
Keine übereinstimmenden Quizze gefunden
Verteilung der Resultate
Anzahl Personen mit jedem Resultat
Perzentil nach korrekt beantworteten Fragen
Ihre Resultats-Entwicklung
Sie haben dieses Quiz noch nicht gespielt